[Event "It (open)"]
[Site "masterchessopen.com Amsterdam (Netherlands)"]
[Date "2006.07.22"]
[Round "8"]
[White "Tukmakov Vladimir B (UKR)"]
[Black "Van Der Weide Karel (BEL)"]
[Result "1-0"]
[WhiteElo "2549"]
[BlackElo "2463"]

{ } 1.d4 Nf6 2.c4 g6 3.Nc3 d5 4.Bf4 Bg7 5.e3 O-O 6.cxd5 Nxd5 7.Nxd5 Qxd5
8.Bxc7 Bf5 { ? } ( 8...Nc6 9.Qb3 Be6 10.Qxd5 Bxd5 11.a3 Rac8 12.Bg3 e5 13.Nf3
exd4 14.Nxd4 Nxd4 15.exd4 Bxd4 16.Rd1 Rfe8+ 17.Be2 Bxg2 18.Rg1 Bf3 { 0-1,
Baskewitsch Pierre 2146 - Kveinys Aloyzas 2531 , Le Touquet 2003 It (open) } )
9.Ne2 { ?/± } 9...Rc8 ( 9...Na6 10.Nc3 Qc6 11.Bg3 e5 12.d5 Qb6 13.Qd2 e4
14.Be2 Rfd8 15.O-O Nb4 16.d6 Bf8 17.Rfd1 Rac8 18.a3 Nd3 19.Bxd3 exd3 20.Nd5
Qc6 21.e4 Bxe4 22.Nf6+ Kh8 23.Rac1 Qa4 24.Rxc8 Rxc8 25.Nxe4 Qxe4 26.d7 Rd8
27.Qxd3 { 1-0, Golod Vitali 2532 - Vydeslaver Alik 2431 , Tel Aviv 2002 Ch
Israel } ) 10.Nc3 ( 10.Nf4 Qd7 11.Ba5 e5 12.dxe5 Bxe5 13.Qxd7 Nxd7 14.Bd3 Bxb2
15.Rb1 Bxd3 16.Nxd3 Bc3+ 17.Bxc3 Rxc3 18.Rb3 Rc2 19.O-O b6 20.Nb4 Rc4 21.Nd5
Ra4 22.Nc3 Ra5 23.Rd1 Nc5 24.Rb2 Rc8 25.Kf1 Ne6 26.Nb5 Rc5 27.Nd4 Rd5 28.Ke2
Nxd4+ 29.exd4 Kf8 { ...1/2-1/2, Zakharevich Igor 2520 - Svidler Peter 2710 ,
Maikop 1998 Ch Russia (club) } ) 10...Qc6 11.Bg3 ( 11.Bf4 Na6 12.a3 Qb6 13.Qe2
Nc7 14.Bxc7 Qxc7 15.Qd2 e5 16.d5 e4 17.Rc1 Qa5 18.Be2 Bxc3 19.bxc3 Qxa3 20.O-O
Qc5 { 1/2-1/2, Novikov Igor A 2550 - Epishin Vladimir 2615 , New York 1991 It
(open) } ) 11...Na6 12.Be2 ( 12.a3 e5 13.d5 Qb6 14.e4 Rxc3 15.bxc3 Bxe4 16.f3
Qe3+ 17.Be2 Qxc3+ 18.Kf2 Bc2 19.Qc1 e4 20.Bf4 Nc5 21.Ra2 Nd3+ 22.Bxd3 exd3
23.d6 Qd4+ 24.Kg3 g5 25.Bxg5 Qxd6+ 26.Kf2 Bd4+ 27.Be3 Re8 28.Re1 Rxe3 29.Rxe3
Qb6 30.f4 Bxe3+ 31.Qxe3 d2 { ...0-1, Tamme Ants 2220 - Gulko Boris F 2585 ,
URS 1977 } ) 12...Qxg2 13.Bf3 Qh3 14.Bxb7 Nb4 15.Qf3 { +1.38 CAP } ( 15.Bxa8
Rxa8 16.Qf3 Rd8 17.O-O-O Nd3+ 18.Rxd3 Bxd3 19.Rd1 Bc4 20.Qb7 Qd7 21.Qxd7 Rxd7
22.b3 Ba6 23.Na4 Rd8 24.Nc5 { 1-0, Kaunas Kestutis 2332 - Levchenkov Vitaly
2227 , URS 1978 } ) ( 15.Bxc8 Rxc8 16.Kd2 Rd8 17.Qa4 Bxd4 18.exd4 Rxd4+ 19.Ke3
Qg4 20.Qe8+ Kg7 21.Be5+ Kh6 22.Qf8+ Kh5 23.Bxd4 Nc2+ 24.Kd2 Qxd4+ 25.Kc1 Qf4+
26.Kd1 Qf3+ 27.Ne2 Nxa1 { 0-1, Gutov Andrey 2415 - Rogovoi Mark 2225 , St.
Petersburg 1998 Memorial M.Chigorin (open) } ) 15...e5 16.Bxa8 exd4 17.Nd5 { N
} ( 17.Ne2 Nc2+ 18.Kd2 Nxa1 19.Nxd4 Bxd4 20.exd4 Nc2 21.Rc1 Qh6+ 22.Bf4 Qf8
23.Be4 Qb4+ { 0-1, Ballon Guenther Jan 2230 - Avrukh Boris 2430 , Agios
Nikolaos 1995 It (open) } ) 17...Bf8 { ? } ( 17...Nd3+ 18.Kd2 Rc2+ 19.Kxc2
Ne1+ 20.Kc1 Nxf3 21.Nf4 Qg4 22.h3 Qg5 23.Bxf3 dxe3 24.Nd5 exf2+ { } ) 18.Nf4
Nc2+ 19.Kd1 Qh6 20.e4 Bd7 21.Rc1 d3 22.Qxd3 Bg4+ 23.f3 Nb4 24.Qe3 Rxa8 25.fxg4
Qg5 26.Ke2 { } {#r} 1-0

[Event "It (cat.2)"]
[Site "masterchessopen.com Budapest (Hungary)"]
[Date "2006.09.07"]
[Round "6"]
[White "Reiss Tibor (HUN)"]
[Black "Keschitz Gyorgy (HUN)"]
[Result "1-0"]
[WhiteElo "2379"]
[BlackElo "2279"]

1.d4 Nf6 2.c4 g6 3.Nc3 d5 4.Bf4 Bg7 5.e3 O-O 6.cxd5 Nxd5 7.Nxd5 Qxd5 8.Bxc7
Na6 9.Bxa6 Qxg2 10.Qf3 Qxf3 11.Nxf3 bxa6 12.Rc1 Bb7 13.Ke2 f5 14.Rhg1 Rac8
15.Rc3 Rf6 16.Rgc1 f4 17.Be5 Rxc3 18.Rxc3 Rb6 19.b3 Bh6 20.exf4 a5 21.Rc7 Bf8
22.Nd2 a4 23.Kd3 axb3 24.axb3 Bd5 25.Rc3 Ra6 26.Rc5 Be6 27.d5 Bf5+ 28.Ke3 Ra3
29.Rb5 a6 30.Rb8 Kf7 31.Nc4 Ra2 32.Bd4 Rc2 33.Ra8 Ra2 34.b4 Ra4 35.Bc5 h5
36.Kd4 h4 37.Ne5+ Kg7 38.Ra7 Kg8 39.Nc6 h3 40.Bxe7 Bg7+ 41.Kc5 Ra2 42.Bh4 Rc2+
43.Kb6 Bd3 44.Ne5 Bb5 45.d6 Rd2 46.Kc7 Bf8 47.Be7 Bxe7 48.dxe7 Rc2+ 49.Kd8
Rd2+ 50.Nd7 {#r} 1-0

[Event "Ch Croatia (team) (2nd league)"]
[Site "masterchessopen.com Croatia"]
[Date "2006.10.29"]
[Round "9"]
[White "Ledic Kruno (CRO)"]
[Black "Muslic Enes (CRO)"]
[Result "1-0"]
[WhiteElo "2138"]
[BlackElo "2153"]

1.d4 Nf6 2.c4 g6 3.Nc3 d5 4.Bf4 Bg7 5.e3 O-O 6.cxd5 Nxd5 7.Nxd5 Qxd5 8.Bxc7
Na6 9.Bxa6 Qxg2 10.Qf3 Qxf3 11.Nxf3 bxa6 12.Nd2 Bb7 13.O-O Rac8 14.Rac1 f6
15.Rc5 e5 16.dxe5 fxe5 17.Rfc1 Rf5 18.Bd6 Rxc5 19.Rxc5 Rg5+ 20.Kf1 Rh5 21.Rc7
Bd5 22.Rxa7 Rxh2 23.Rxg7+ {#r} 1-0

[Event "It (open)"]
[Site "masterchessopen.com Raciborz (Poland)"]
[Date "2007.02.18"]
[Round "3"]
[White "Kaminski Piotr (POL)"]
[Black "Walach Marcin (POL)"]
[Result "1-0"]
[WhiteElo "2081"]
[BlackElo "2390"]

1.d4 Nf6 2.c4 g6 3.Nc3 d5 4.Bf4 Bg7 5.e3 O-O 6.cxd5 Nxd5 7.Nxd5 Qxd5 8.Bxc7
Nc6 9.Ne2 Bg4 10.f3 Rac8 11.Nc3 Qe6 12.Bf4 Rfd8 13.fxg4 Nxd4 14.Kf2 Qb6 15.Rb1
g5 16.Bxg5 Ne6 17.Nd5 Qa5 18.Nxe7+ Kh8 19.Ng6+ fxg6 20.Bxd8 Rxd8 21.Qc1 Rf8+
22.Kg1 Bh6 23.h4 Qe5 24.Rh3 Qe4 25.g5 Bg7 26.Qe1 Be5 27.b4 Ng7 28.Rd1 Qc6
29.b5 Qb6 30.Rd5 Re8 31.a4 Bf4 32.a5 Bxe3+ 33.Kh1 Qe6 34.Qd1 Qf7 35.Rf3 Qe6
36.Rd8 Nf5 37.Qa1+ Kg8 38.Rxe8+ Qxe8 39.Bc4+ Kf8 40.Qf6+ {#r} 1-0

[Event "Ch Italy (team)"]
[Site "masterchessopen.com Palermo (Italy)"]
[Date "2007.04.20"]
[Round "1"]
[White "Aglietti Graziano (ITA)"]
[Black "Mogranzini Roberto (ITA)"]
[Result "0-1"]
[WhiteElo "1999"]
[BlackElo "2415"]

1.d4 Nf6 2.c4 g6 3.Nc3 d5 4.Bf4 Bg7 5.e3 O-O 6.cxd5 Nxd5 7.Nxd5 Qxd5 8.Bxc7
Na6 9.Bxa6 Qxg2 10.Qf3 Qxf3 11.Nxf3 bxa6 12.Rg1 f6 13.Rc1 Rf7 14.Bg3 Be6 15.b3
Bd5 16.Ke2 e6 17.Nd2 a5 18.Rc5 a4 19.Rgc1 axb3 20.axb3 Bf8 21.Rc8 Rxc8 22.Rxc8
Kg7 23.Nc4 Rb7 24.Na5 Rd7 25.Nc4 Kf7 26.f3 Bb7 27.Rc7 Ke8 28.Rxd7 Kxd7 29.Bb8
a6 30.e4 g5 31.Kf2 Bb4 32.Ke3 Bc6 33.e5 f5 34.f4 g4 35.Bd6 Be1 36.Bf8 h5
37.Ke2 Bh4 38.Nd2 Bd5 39.Kd3 Bf2 40.Bh6 h4 41.Ke2 Bg1 42.Bg5 h3 43.Nf1 Bxb3
44.Bh4 Bc4+ 45.Ke1 Bxf1 46.Kxf1 Bxh2 {#R} 0-1

[Event "It \"]
[Site "masterchessopen.com Ilyichevsk (Ukraine)"]
[Date "2007.07.24"]
[Round "5"]
[White "Roschupkin Volodymyr (UKR)"]
[Black "Bagrationi Alexander (UKR)"]
[Result "0-1"]
[WhiteElo "1972"]
[BlackElo "2161"]

1.d4 Nf6 2.c4 g6 3.Nc3 d5 4.Bf4 Bg7 5.e3 O-O 6.cxd5 Nxd5 7.Nxd5 Qxd5 8.Bxc7
Na6 9.Bxa6 Qxg2 10.Qf3 Qxf3 11.Nxf3 bxa6 12.Rg1 Bb7 13.Ke2 Rac8 14.Rac1 Bd5
15.b3 Rfe8 16.Nd2 Bb7 17.f4 e6 18.Ba5 Bf8 19.Kd3 f6 20.Rc7 Rxc7 21.Bxc7 Rc8
22.Ba5 Kf7 23.Nc4 Be7 24.Rc1 h6 25.Bd2 g5 26.e4 g4 27.Ne3 Rxc1 28.Bxc1 h5
29.d5 exd5 30.exd5 Bc8 31.Ke4 Bc5 32.Bb2 a5 33.Bd4 Bxd4 34.Kxd4 h4 35.f5 g3
36.hxg3 h3 37.Nf1 Bxf5 38.Nh2 Bb1 39.a3 Bc2 40.Kc4 Ke7 41.b4 axb4 42.axb4 Kd6
43.Kd4 Bb3 44.Ke4 Bxd5+ 45.Kf5 Ke7 46.g4 Bg2 47.Kf4 Ke6 48.Kg3 Kd5 49.Nf3 Bxf3
50.Kxf3 Kc4 {#R} 0-1

[Event "It \"]
[Site "masterchessopen.com Petach Tikva (Israel)"]
[Round "3"]
[White "Porat Ido (ISR)"]
[Black "Baron Tal (ISR)"]
[Result "1-0"]
[WhiteElo "2259"]
[BlackElo "2232"]

1.d4 Nf6 2.c4 g6 3.Nc3 d5 4.Bf4 Bg7 5.e3 O-O 6.cxd5 Nxd5 7.Nxd5 Qxd5 8.Bxc7
Na6 9.Bxa6 Qxg2 10.Qf3 Qxf3 11.Nxf3 bxa6 12.Rg1 f6 13.Ke2 Rf7 14.Rac1 Bf8
15.Rc3 Bd7 16.d5 e5 17.dxe6 Bxe6 18.a3 Rc8 19.Ba5 Rb7 20.Rb1 Rxc3 21.Bxc3 Bxa3
22.Bxf6 Bb4 23.Ne1 Bc4+ 24.Nd3 Ba5 25.Rc1 Bb5 26.Bd4 Rd7 27.Rc8+ Kf7 28.Rh8
Ke6 29.Re8+ Kd6 30.Ra8 Bb6 31.Kd2 Bxd4 32.exd4 Rf7 33.Ke3 Bc6 34.Ne5 Rb7
35.Rd8+ Kc7 36.Rh8 Rb3+ 37.Kf4 Rh3 38.f3 Rh4+ 39.Kg3 g5 40.Rg8 Rxd4 41.Rg7+
Kd6 42.Nxc6 Kxc6 43.Rxa7 h5 44.Rxa6+ Kb5 45.Re6 g4 46.Re5+ Kc6 47.fxg4 Rxg4+
48.Kf3 Rb4 49.Re2 Kd5 50.Ke3 Ke5 51.Kd3+ Kf4 52.Kc3 Rb8 53.b4 h4 54.Rb2 Rc8+
55.Kd4 Rd8+ 56.Kc5 Rc8+ 57.Kd5 Rd8+ 58.Kc6 Rc8+ 59.Kb7 Rg8 60.b5 h3 61.Rb3
Rg7+ 62.Ka6 {#r} 1-0

[Event "It (open)"]
[Site "masterchessopen.com Calvia (Spain)"]
[Date "2007.10.19"]
[Round "5"]
[White "Vallejo Pons Francisco (ESP)"]
[Black "Mikhalevski Victor (ISR)"]
[Result "0-1"]
[WhiteElo "2660"]
[BlackElo "2598"]

{ Mikhalevski Victor (ISR) +1 =2 -0 } 1.d4 Nf6 2.c4 g6 3.Nc3 d5 4.Bf4 Bg7 5.e3
O-O 6.cxd5 Nxd5 7.Nxd5 Qxd5 8.Bxc7 Na6 ( 8...Nc6 9.Ne2 Bg4 10.f3 Rac8 11.Nc3
Qe6 12.Bf4 Nxd4 13.fxg4 Rfd8 14.Kf2 Qb6 15.Rb1 Ne6 16.Qb3 Rd2+ 17.Ke1 Qxb3
18.axb3 Rxb2 19.Rxb2 Bxc3+ 20.Kf2 Bxb2 21.Bc4 a5 22.Rd1 Nxf4 { 0-1, Prongolts
E - Mikhalevski Victor 2540 , Israel 1998 Ch Israel (team) } ) 9.Bxa6 Qxg2
10.Qf3 { = } 10...Qxf3 11.Nxf3 bxa6 12.Rc1 Bb7 ( 12...f6 13.Ke2 Bg4 14.Rc4
Rac8 15.d5 f5 16.b3 e5 17.dxe6 Rfe8 18.Rg1 Rxe6 19.Rg3 Re4 20.Bd6 Rexc4
21.bxc4 Rxc4 22.Kd3 Ra4 23.Nd2 Rxa2 24.f3 Bh5 25.Rg1 Ra1 26.Rxa1 Bxa1 27.Bc5
g5 28.f4 gxf4 29.exf4 Bd1 30.Bxa7 Kf7 31.Nc4 Ke6 32.Bb6 { ...0-1, Pelletier
Yannick 2589 - Illescas Cordoba Miguel 2626 , Pamplona 2003 It (cat.15) } )
13.Ke2 Rac8 ( 13...f6 14.Rc5 e6 15.Rhc1 Rf7 16.Bg3 Rd8 17.Rc7 Rdd7 18.Rxd7
Rxd7 19.Rc7 Rxc7 20.Bxc7 g5 21.Nd2 Bf8 22.f3 h5 23.Nc4 g4 24.fxg4 hxg4 25.Bb8
Kf7 26.Nd6+ Bxd6 27.Bxd6 { 1/2-1/2, Gonda Laszlo 2400 - Navara David 2620 ,
Balatonlelle 2003 Ch Europe (team) (juniors) (under 18) } ) 14.Rhd1 ( 14.Rc5
e6 15.Rhc1 Bd5 16.b3 Rfe8 17.Bd6 Rxc5 18.Rxc5 Rd8 19.Be7 Re8 20.Rc7 Ra8 21.Bc5
Bf8 22.Bxf8 Kxf8 23.Ne5 f6 24.Nd7+ { 1-0, Grigorov Grigor 2407 - Klimakovs
Sergejs 2295 , Internet 6. 5.2006 Cup Ilyumzhinov } ) 14...f6 { N } (
14...Rfe8 15.Ne1 ( 15.Rc5 Bf8 16.Rc3 Bd5 17.a3 e6 18.Rdc1 f6 19.Ne1 e5 20.dxe5
fxe5 21.Bxe5 Rxc3 22.Bxc3 Bd6 23.h4 Be7 24.h5 gxh5 25.Bd4 Rb8 26.f3 h4 27.Nd3
Be6 28.Rc7 Bf8 29.Nf4 Bf7 30.Rc1 Bd6 31.Rg1+ Kf8 32.Rg4 Be7 33.Kf2 Rc8 34.Bc3
{ ...1/2-1/2, Kieninger Georg - Pilnik Herman 2400 , Beverwijk 1951 It (a) } )
15...Bd5 16.b3 Bf8 17.f3 f5 18.Kd3 e6 19.e4 Bb7 20.Ba5 Bd6 21.h3 Bf4 22.Rc4
Rf8 23.Bd2 fxe4+ 24.fxe4 Bg3 25.Rxc8 Bxc8 26.Rc1 e5 27.Bh6 Rd8 28.d5 Bxh3
29.Nf3 Rc8 30.Rg1 Bf2 31.Rh1 Bg2 32.Rh2 Bf1+ 33.Kd2 Bg3 34.Rh1 { ...1/2-1/2,
Kiss Pal 2394 - Pechy Alaster 2154 , Venice 31.10.2004 It (open) } ) ( 14...e6
15.Rc3 f6 16.Rdc1 Rf7 17.Ba5 Rxc3 { -0.11 CAP } ( 17...Re8 18.Rc7 Bf8 19.Rxf7
Kxf7 20.Rc7+ Re7 21.Nd2 Ke8 22.Nb3 Rxc7 23.Bxc7 Bd5 24.Bb8 Kd7 25.Bxa7 Bd6
26.h3 Bxb3 27.axb3 Kc6 28.Kd3 Kb5 29.e4 Kb4 30.Bb6 f5 31.f3 fxe4+ 32.Kxe4 Kxb3
33.Bc5 Bc7 34.Ba3 { ...0-1, Bachmann Andreas 2225 - Von Alvensleben Wolfram
2243 , Germany 1989 Regionalliga NordS } ) ) 15.d5 { +0.48 CAP } 15...f5 16.b4
Bb2 17.Rc5 { ?! } ( 17.Rc4 { !? } 17...Ba3 18.Ne5 Bxb4 19.Rb1 Bxd5 20.Rbxb4
Bxc4+ 21.Rxc4 g5 22.Kd3 { } ) 17...a5 18.Bxa5 { ? } ( 18.Rd2 Ba3 19.Bxa5 Rxc5
20.bxc5 Bxc5 21.Ng5 Bd6 22.f4 Rc8 23.Ne6 Rc1 24.Kf2 Ba6 25.Nd4 { } ) 18...Bc3
19.Rd4 Rxc5 20.bxc5 Bxd4 21.exd4 Bxd5 22.Ne5 Rb8 23.a3 Rb2+ 24.Ke1 Rc2 25.Bd2
Kf8 26.a4 Ke8 27.a5 Ra2 28.h4 Ra4 29.Bc3 f4 30.f3 Ra3 31.Bd2 Ra4 32.Bc3 Ra3
33.Bd2 Bxf3 34.Bxf4 Bd5 35.Bd2 Rh3 36.Bg5 Rh2 37.Kd1 Kd8 38.Ke1 Ra2 39.Bd2 Kc8
40.Nd3 Ra1+ 41.Kf2 Rd1 42.Ke3 Rh1 43.Nf4 e6 44.Nxd5 exd5 45.Kf4 {
1323571344=ZE5Y485 1323571344=ZE5Y519 } 45...Rxh4+ 46.Ke5 Rh5+ 47.Kd6 Rf5
48.Bh6 a6 49.c6 Rf6+ { 1323571344=ZE5Y485 1323571344=ZE5Y521 } 50.Kxd5 Kc7
51.Ke5 Rf5+ { 1323571344=ZE5Y485 1323571344=ZE5Y519 } {#R} 0-1

[Event "Ch Vojvodina (team)"]
[Site "masterchessopen.com Sombor (Serbia)"]
[Date "2008.10.07"]
[Round "10"]
[White "Bogic Stevan (SRB)"]
[Black "Jovanovic Milos (SRB)"]
[Result "1-0"]
[WhiteElo "2259"]
[BlackElo "2257"]

1.d4 Nf6 2.c4 g6 3.Nc3 d5 4.Bf4 Bg7 5.e3 O-O 6.cxd5 Nxd5 7.Nxd5 Qxd5 8.Bxc7
Nc6 9.Ne2 Bg4 10.f3 Bxf3 11.gxf3 Qxf3 12.Rg1 Rac8 13.Bg2 Qf5 14.Bxc6 Rxc7
15.Ba4 e5 16.Rc1 Rxc1 17.Nxc1 exd4 18.exd4 Rd8 19.Bc2 Qh3 20.Qe2 Bxd4 21.Rg3
Qc8 22.Kf1 Re8 23.Qd3 Bxb2 24.Ne2 Be5 25.Rf3 Kg7 26.Bb3 Re7 27.h3 a6 28.Kg2 b5
29.Nf4 Qc1 30.Ne2 Qb2 31.Rf2 Qa3 32.Qd5 f6 33.Qg8+ Kh6 34.Qf8+ Kh5 35.Bd1 Qe3
36.Nf4+ Kg5 37.h4+ Kf5 38.Nd5+ Qxf2+ 39.Kxf2 Bd4+ 40.Kf1 Re6 41.Bb3 Kg4 42.Qc8
{#r} 1-0

[Event "Ch Singapore"]
[Site "masterchessopen.com Singapore"]
[Date "2009.01.08"]
[Round "7"]
[White "Tay Li-Jin Jeslin (SIN)"]
[Black "Chan Wei-Yi Victoria (SIN)"]
[Result "1-0"]
[WhiteElo "2091"]
[BlackElo "1912"]

1.d4 Nf6 2.c4 g6 3.Nc3 d5 4.Bf4 Bg7 5.e3 O-O 6.cxd5 Nxd5 7.Nxd5 Qxd5 8.Bxc7
Na6 9.Bxa6 Qc6 10.Bd3 Qxc7 11.Nf3 Bg4 12.Qc2 Qa5+ 13.Qd2 Qh5 14.Be2 Rfd8
15.Qb4 e5 16.dxe5 Bxe5 17.h3 Bxf3 18.Bxf3 Qg5 19.O-O a5 20.Qe4 Bxb2 21.Rab1
Qf6 22.Qc2 Bc3 23.Rb3 Rac8 24.Rc1 Bb4 25.Qxc8 Rxc8 26.Rxc8+ Kg7 27.Rc1 b6
28.Bc6 Bc5 29.Bb5 Qe6 30.Bc4 Qe5 31.Rd3 Qb2 32.Rcd1 b5 33.R3d2 Qb4 34.Bd5 a4
35.Rc2 Qa3 36.Bc6 Qb4 37.Rdc1 Bd6 38.Rd1 Bc5 39.Bd7 Qa3 40.Bxb5 Qb4 41.Bc4 h5
42.Rcc1 Qa3 43.Rc2 Qb4 44.Rdc1 Bd6 45.Bd5 Qa5 46.Bc6 a3 47.Rd1 Qe5 48.Rcd2
Qh2+ 49.Kf1 Bc5 50.Rd7 Qe5 51.Bd5 Be7 52.Bb3 Qb5+ 53.Kg1 Kf6 54.R1d4 g5 55.h4
Bc5 56.hxg5+ Kg6 57.Bxf7+ Kxg5 58.R4d5+ Kf6 59.Bxh5 Qb1+ 60.Kh2 Qb8+ 61.g3 Qb2
62.Rd2 Qb8 63.Kg2 Bb4 64.Rc2 Qa8+ 65.Bf3 Qg8 66.Rc6+ Ke5 67.Rd5+ {#r} 1-0

[Event "It (open)"]
[Site "masterchessopen.com Prague (Czech Republic)"]
[Date "2009.01.15"]
[Round "8"]
[White "Beltran Jorge (MEX)"]
[Black "Bednar Marcel (CZE)"]
[Result "1-0"]
[WhiteElo "2057"]
[BlackElo "2154"]

1.d4 Nf6 2.c4 g6 3.Nc3 d5 4.Bf4 Bg7 5.e3 O-O 6.cxd5 Nxd5 7.Nxd5 Qxd5 8.Bxc7
Nc6 9.Ne2 Bg4 10.f3 Bxf3 11.gxf3 Qxf3 12.Rg1 Qxe3 13.Bf4 Qe4 14.Bg2 Qf5
15.Bxc6 bxc6 16.Qd2 Rad8 17.O-O-O c5 18.d5 Rd7 19.Bh6 Rxd5 20.Ng3 Bxh6 21.Qxh6
Rxd1+ 22.Rxd1 Qe6 23.Nh5 Qc4+ 24.Kb1 Qe4+ 25.Ka1 Qe5 26.Qxf8+ Kxf8 27.Rd8# 1-0

[Event "Ch Croatia (team) (2nd league)"]
[Site "masterchessopen.com Zagreb (Croatia)"]
[Date "2009.03.08"]
[Round "4"]
[White "Ledic Kruno (CRO)"]
[Black "Vodopija Goran (CRO)"]
[Result "1-0"]
[WhiteElo "2228"]
[BlackElo "2155"]

1.d4 Nf6 2.c4 g6 3.Nc3 d5 4.Bf4 Bg7 5.e3 O-O 6.cxd5 Nxd5 7.Nxd5 Qxd5 8.Bxc7
Nc6 9.Ne2 Bg4 10.f3 Bxf3 11.gxf3 Qxf3 12.Rg1 Qxe3 13.Rg3 Qe6 14.d5 Qd7 15.dxc6
Qxc7 16.cxb7 Qxb7 17.Bg2 Qb4+ 18.Qd2 Qxd2+ 19.Kxd2 Rad8+ 20.Kc2 e5 21.Ra3 Bh6
22.Rd1 Rxd1 23.Kxd1 Rd8+ 24.Ke1 Rd7 25.Nc3 Rd2 26.Kf1 Rxb2 27.Nd5 Rb1+ 28.Kf2
Rb2+ 29.Kg3 Bd2 30.h4 a5 31.Bf1 Kg7 32.Bc4 e4 33.Bb3 f5 34.Ra4 e3 35.Kf3 Rb1
36.Nxe3 Rh1 37.Kg2 Re1 38.Nc4 Bc3 39.Nxa5 Re2+ 40.Kf3 Rh2 41.Nc6 Be1 42.Ra7+
Kh6 43.Bg8 Bxh4 44.Rxh7+ Kg5 45.a4 Rf2+ 46.Ke3 f4+ 47.Kd3 f3 48.Nd4 Rf1 49.Bc4
Kg4 50.Ke4 Re1+ 51.Kd5 Bf6 52.Nxf3 Rd1+ 53.Kc6 Rc1 54.Kb5 Rb1+ 55.Kc5 {#r} 1-0

[Event "It (open)"]
[Site "masterchessopen.com Blagny (France)"]
[Date "2009.05.03"]
[Round "6"]
[White "Camus Berenger (FRA)"]
[Black "Bakalarz Mieczyslaw (LUX)"]
[Result "1-0"]
[WhiteElo "2200"]
[BlackElo "2292"]

1.d4 Nf6 2.c4 g6 3.Nc3 d5 4.Bf4 Bg7 5.e3 O-O 6.cxd5 Nxd5 7.Nxd5 Qxd5 8.Bxc7
Na6 9.Bxa6 Qxg2 10.Qf3 Qxf3 11.Nxf3 bxa6 12.Rc1 Bh3 13.Rg1 Be6 14.b3 Bd5
15.Ke2 Rfc8 16.Rc5 e6 17.Rgc1 Bf8 18.Bd6 Rxc5 19.Bxc5 Rc8 20.Ne5 a5 21.Nd3 Be4
22.f3 Bxd3+ 23.Kxd3 a6 24.Rc4 Rb8 25.Bxf8 Kxf8 26.Rc6 a4 27.Kc4 axb3 28.axb3
a5 29.Rc5 Ra8 30.Kb5 f5 31.Ka4 g5 32.Rc7 h6 33.Rh7 Kg8 34.Re7 f4 35.exf4 Rb8
36.fxg5 Rb4+ 37.Kxa5 Rxb3 38.gxh6 Rd3 39.h7+ Kh8 40.Rd7 e5 41.d5 Rxf3 42.Re7
Rf6 43.Kb5 e4 44.Kc5 {#r} 1-0

[Event "It (open)"]
[Site "masterchessopen.com Las Vegas (USA)"]
[Date "2009.06.05"]
[Round "1"]
[White "Deshpande Aniruddha (IND)"]
[Black "Antal Gergely (HUN)"]
[Result "0-1"]
[WhiteElo "2211"]
[BlackElo "2479"]

1.d4 Nf6 2.c4 g6 3.Nc3 d5 4.Bf4 Bg7 5.e3 O-O 6.cxd5 Nxd5 7.Nxd5 Qxd5 8.Bxc7
Na6 9.Bxa6 Qxg2 10.Qf3 Qxf3 11.Nxf3 bxa6 12.Rg1 f6 13.Ke2 Bd7 14.Rac1 e5 15.d5
Rf7 16.Nd2 Bb5+ 17.Kf3 f5 18.Kg2 Rd7 19.d6 e4 20.Nc4 a5 21.Nxa5 Be2 22.Rge1
Bf3+ 23.Kg1 Bxb2 24.Rc2 Be5 25.Nb7 Rf7 26.Rb1 Rc8 27.Nc5 Rfxc7 28.dxc7 Rxc7
29.Rb8+ Kf7 30.Rb7 Rxb7 31.Nxb7 f4 32.Rc4 Kf6 33.Ra4 Bc3 34.Rxa7 Bd2 35.Ra3
Ke5 36.Rb3 Be2 37.a4 Bc4 38.Ra3 fxe3 39.fxe3 Bd5 40.Nc5 Bb4 41.Nd3+ exd3
42.Rxd3 Bc5 43.Kf2 Ke4 44.Rc3 Bb6 45.Ra3 Ba5 46.Ra1 Bd2 47.Ra3 Bb4 48.Ra1 Bc5
49.Re1 Bb6 50.Re2 Bc4 51.Re1 g5 52.a5 Ba7 53.Kg3 h5 54.Rc1 Be6 55.a6 Bxe3
56.Ra1 Ba7 57.Re1+ Kf5 58.Rf1+ Kg6 59.Re1 Bd5 60.Re7 Bc5 61.Rd7 h4+ {#R} 0-1

[Event "It (open)"]
[Site "masterchessopen.com Klatovy (Czech Republic)"]
[Round "0"]
[White "Kubecka David (CZE)"]
[Black "Pliev Vladimir (RUS)"]
[Result "1-0"]
[WhiteElo "2304"]
[BlackElo "2058"]

1.d4 Nf6 2.c4 g6 3.Nc3 d5 4.Bf4 Bg7 5.e3 O-O 6.cxd5 Nxd5 7.Nxd5 Qxd5 8.Bxc7
Na6 9.Bxa6 bxa6 10.Nf3 Qb5 11.Qe2 Be6 12.Qxb5 axb5 13.Kd2 Rac8 14.Rhc1 Bc4
15.Ba5 Rfe8 16.b3 Bd5 17.Rxc8 Rxc8 18.Rc1 Rxc1 19.Kxc1 e5 20.Bc3 b4 21.Bxb4
exd4 22.Bc5 dxe3 23.Bxa7 exf2 24.Bxf2 g5 25.Kd2 g4 26.Ne1 f5 27.g3 Be5 28.Nd3
Bd6 29.Bc5 Bc7 30.Kc3 h5 31.Be3 h4 32.Bf4 Bd8 33.gxh4 Bxh4 34.a4 Kf7 35.b4
Bf6+ 36.Be5 Bg5 37.Kd4 Bf3 38.a5 Ke7 39.b5 Kd7 40.a6 Bd8 41.Nc5+ Kc8 42.Na4
Be2 43.Kc5 Be7+ 44.Kc6 Bf3+ 45.Kb6 Bg5 46.Kc5 Be3+ 47.Kd6 Be2 48.Nc3 Bd3
49.Nd5 Bg1 50.Ne7+ Kd8 51.a7 Be4 52.Nc6+ Bxc6 53.Kxc6 Bxa7 54.b6 Bxb6 55.Kxb6
Ke7 56.Kc5 {#r} 1-0

[Event "Cup Volga (cat.1)"]
[Site "masterchessopen.com Kostroma (Russia)"]
[Date "2009.07.09"]
[Round "9"]
[White "Morozov Grigoriy (RUS)"]
[Black "Vorontsov Nickolay (KAZ)"]
[Result "0-1"]
[WhiteElo "2301"]
[BlackElo "2312"]

1.d4 Nf6 2.c4 g6 3.Nc3 d5 4.Bf4 Bg7 5.e3 O-O 6.cxd5 Nxd5 7.Nxd5 Qxd5 8.Bxc7
Na6 9.Bxa6 bxa6 10.Nf3 Bf5 11.Qb3 Qc6 12.Bg3 Be4 13.O-O Bxf3 14.Rfc1 Qe4
15.gxf3 Qxf3 16.Qa3 h5 17.Qxa6 Qg4 18.Kf1 h4 19.Bc7 e5 20.dxe5 Qh3+ 21.Ke2
Qg4+ 22.Ke1 Qg1+ 23.Qf1 Qxh2 24.Rc5 Rac8 25.Rac1 h3 26.Ke2 Rxc7 27.Rxc7 Qxe5
28.Qxh3 Qxb2+ 29.R1c2 Qb5+ 30.R7c4 Rd8 31.Qh4 g5 32.Qh1 Qd7 33.Qc1 Qh3 34.Qg1
Qd7 35.f3 Bf6 36.Kf2 Kg7 37.Rc5 Re8 38.Qg4 Qd6 39.f4 Qd3 40.Rxg5+ Bxg5
41.Qxg5+ Kh7 42.Qh5+ Kg7 43.Re2 Rh8 44.Qe5+ f6 45.Qe7+ Kg6 46.f5+ Qxf5+ 47.Ke1
Rh1+ 48.Kd2 Qd5+ 49.Kc3 Rc1+ 50.Rc2 Rxc2+ 51.Kxc2 Qxa2+ 52.Kd3 Qd5+ 53.Ke2
Qg2+ 54.Kd3 Qf1+ 55.Kd2 Qf2+ 56.Kd3 Qf5+ 57.e4 Qb5+ 58.Kd2 a5 59.Qd8 Kg5
60.Ke3 Qb3+ 61.Ke2 Qc2+ 62.Ke3 Qc3+ 63.Ke2 Kf4 64.Qd5 Qc2+ 65.Kf1 Ke3 {#R} 0-1

[Event "It (open)"]
[Site "masterchessopen.com Dresden (Germany)"]
[Date "2009.07.28"]
[Round "4"]
[White "Schoengart Ralf (GER)"]
[Black "Gauer Jacques (FRA)"]
[Result "1-0"]
[WhiteElo "2070"]
[BlackElo "1966"]

1.d4 Nf6 2.c4 g6 3.Nc3 d5 4.Bf4 Bg7 5.e3 O-O 6.cxd5 Nxd5 7.Nxd5 Qxd5 8.Bxc7
Na6 9.Bg3 Bf5 10.a3 Rfd8 11.Ne2 e5 12.Nc3 Qa5 13.d5 e4 14.Rc1 Rxd5 15.Qc2 Rad8
16.Bc4 Bxc3+ 17.bxc3 Rd2 18.Qb1 Qxa3 19.O-O Nc5 20.Bh4 R8d7 21.Qb5 a6 22.Qb6
Na4 23.Qa7 b5 24.Qa8+ Kg7 25.Qxa6 bxc4 26.Bf6+ Kh6 27.h4 Qb3 28.Qa8 Rd1 29.g4
Bxg4 30.Qxe4 Kh5 31.Qe5+ Bf5 32.Qf4 Rxf1+ 33.Rxf1 h6 34.Bg7 Rd8 35.Qxh6+ Kg4
36.Qf4+ Kh5 37.Qg5# 1-0

[Event "It \"]
[Site "masterchessopen.com South Padre Island (USA)"]
[Date "2009.12.30"]
[Round "6"]
[White "Aradhyula Vaishnav (USA)"]
[Black "Antal Gergely (HUN)"]
[Result "0-1"]
[WhiteElo "2172"]
[BlackElo "2479"]

1.d4 Nf6 2.c4 g6 3.Nc3 d5 4.Bf4 Bg7 5.e3 O-O 6.cxd5 Nxd5 7.Nxd5 Qxd5 8.Bxc7
Na6 9.Bxa6 bxa6 10.Qf3 Qb5 11.Qxa8 Qxb2 12.Rd1 Bg4 13.Qc6 Qb4+ 14.Kf1 Bxd1
15.g3 Ba4 16.Qc5 Qb7 17.f3 Rc8 18.Qa5 Bb5+ {#R} 0-1

[Event "Tournament (open)"]
[Site "masterchessopen.com Sibiu (Romania)"]
[Date "2010.08.10"]
[Round "6"]
[White "Miron Ionel (ROM)"]
[Black "David Alexandru-Vasile"]
[Result "1-0"]
[WhiteElo "2043"]
[BlackElo "1762"]

1.d4 Nf6 2.c4 g6 3.Nc3 d5 4.Bf4 Bg7 5.e3 O-O 6.cxd5 Nxd5 7.Nxd5 Qxd5 8.Bxc7
Nc6 9.Ne2 Bg4 10.Qb3 Qxb3 11.axb3 Nb4 12.Kd2 Be6 13.Nf4 Bxb3 14.Ra3 Be6
15.Nxe6 fxe6 16.Bg3 Nc6 17.Bc4 Kf7 18.Rc1 Rfc8 19.Rac3 Na5 20.Ba2 Rxc3 21.bxc3
Rc8 22.Rb1 a6 23.Rb6 Rc6 24.Rxc6 Nxc6 25.Bc7 Na7 26.f4 h5 27.Kd3 Nb5 28.Ba5
Nd6 29.c4 Nc8 30.c5 Na7 31.Ke4 Nc6 32.Be1 Bf6 33.h3 Nd8 34.g4 hxg4 35.hxg4 Ke8
36.g5 Bg7 37.Kf3 Kf7 38.Ba5 Nc6 39.Bb6 Bh8 40.Ke4 Bg7 41.Bb3 Bh8 42.Kd3 Nb4+
43.Kd2 Nc6 44.Kc3 Bg7 45.Ba4 Ke8 46.Bc2 Kf7 47.Be4 Bh8 48.Kb3 Bg7 49.Ka4 Bh8
50.Bc7 e5 51.d5 Na7 52.Bxe5 Bxe5 53.fxe5 Nb5 54.Kb4 Na7 55.Ka5 Nb5 56.e6+ Kg7
57.Kb6 Nc3 58.Bf3 Na4+ 59.Kxb7 Nxc5+ 60.Kb6 Nd3 61.Kxa6 Kf8 62.Kb5 Ke8 63.Be4
Ne5 64.Kc5 Kd8 65.Kd4 Ng4 66.Bxg6 Kc7 67.Bf5 {#r} 1-0